| 000 | 00000nam 2200000zi 4500 |
| 001 | 9.878938 |
| 003 | CaOODSP |
| 005 | 20221107165359 |
| 006 | m o d f |
| 007 | cr |n||||||||| |
| 008 | 190905t20192019quc #o f000 0 fre d |
| 020 | |a9780660325378 |
| 040 | |aCaOODSP|bfre|erda|cCaOODSP |
| 043 | |an-cn--- |
| 086 | 1 |aEn4-385/2019F-PDF |
| 245 | 00|aRèglement sur les urgences environnementales (2019). |
| 264 | 1|a[Gatineau (Québec)] : |bEnvironnement et changement climatique Canada = Environment and climate change Canada, |c2019. |
| 264 | 4|c©2019 |
| 300 | |a1 ressource en ligne (3 pages) |
| 336 | |atexte|btxt|2rdacontent/fre |
| 337 | |ainformatique|bc|2rdamedia/fre |
| 338 | |aressource en ligne|bcr|2rdacarrier/fre |
| 500 | |aCette publication a été remplacée à la demande du ministère (2019-11-06). |
| 500 | |aPublié aussi en anglais sous le titre : Environmental emergency regulations, 2019. |
| 500 | |aTitre de départ. |
| 520 | |a« À compter du 24 août 2019, le Règlement sur les urgences environnementales (2019) a remplacé le Règlement sur les urgences environnementales en vigueur. Ce règlement apporte des changements qui renforcent la bonne gestion des urgences environnementales afin de mieux protéger les Canadiens et l’environnement »--page [1]. |
| 692 | 07|2gccst|aProtection civile |
| 692 | 07|2gccst|aGestion de l'environnement |
| 710 | 1 |aCanada. |bEnvironnement et changement climatique Canada. |
| 775 | 08|tEnvironmental Emergency Regulations, 2019.|w(CaOODSP)9.878939 |
| 856 | 40|qPDF|s910 Ko|uhttps://publications.gc.ca/collections/collection_2019/eccc/En4-385-2019-fra.pdf|z(remplacé 2019-11-06) |